| 000 | 00000nam 2200000za 4500 |
| 001 | 9.660872 |
| 003 | CaOODSP |
| 005 | 20230501143223 |
| 007 | ta |
| 008 | 150407|1999||||xxc||||| f|0| 0 fre d |
| 020 | |a0-662-64133-7 |
| 040 | |aCaOODSP|bfre |
| 041 | |aeng |
| 041 | |afre |
| 043 | |an-cn--- |
| 086 | 1 |aC2-420/1999 |
| 110 | 1 |aCanada. |bIndustrie Canada. |
| 245 | 10|aRépertoire des fournisseurs canadiens de matériel ferroviaire |
| 260 | |aOttawa - Ontario : |bIndustrie Canada |c1999. |
| 300 | |aTexte français, 80p. ; |c28 cm. |
| 546 | |aBilingue |
| 563 | |aReliure à spirale |
| 590 | |a99-25|b1999-06-25 |
| 691 | 07|aTransport ferroviaire|2gcpds |
| 691 | 07|aApprovisionnements|2gcpds |
| 776 | 0#|tRépertoire des fournisseurs canadiens de matériel ferroviaire.|w(CaOODSP)9.922121 |
| 791 | |tCanadian railway suppliers directory |eeng|w(CaOODSP)9.660871 |